000 00248nam a2200121 i 4500
001 bg
245 0 _aSymbol As Sense.
260 _aNew York,
_c1980.
040 _cBPK
041 _apol
942 _cKS
008 s pl f |000 0 pol
999 _c19844
_d19844
856 _uhttp://koha.tu.koszalin.pl/cgi-bin/koha/opac-detail.pl?biblionumber=19844
_yKatalog online BPK